|
|
|
|
| LEADER |
00991nam a2200253 a 4500 |
| 001 |
12689904 |
| 008 |
091202s2002 dcua b i000 0 eng d |
| 010 |
|
|
|a \\2002016857
|
| 020 |
|
|
|a 0821351370
|
| 040 |
|
|
|a DLC
|c DLC
|d DLC
|
| 082 |
0 |
0 |
|a 336.5492
|2 21
|
| 245 |
0 |
0 |
|a Bangladesh :
|b financial accountability for good governance.
|
| 260 |
|
|
|a Washington, D.C. :
|b World Bank,
|c c2002.
|
| 300 |
|
|
|a ix, 104 p. :4bill. ;
|c 28 cm.
|
| 490 |
0 |
|
|a A World Bank country study
|
| 504 |
|
|
|a Includes bibliographical references (p. [101]-104).
|
| 541 |
1 |
|
|e 00009795
|
| 650 |
|
0 |
|a Finance, Public
|z Bangladesh.
|
| 650 |
|
0 |
|a Local finance
|z Bangladesh.
|
| 651 |
|
0 |
|a Bangladesh
|x Politics and government
|y 1971-
|
| 710 |
2 |
|
|a World Bank.
|
| 852 |
4 |
|
|a Ayesha Abed Library
|j General shelf
|
| 999 |
|
|
|c 5857
|d 5857
|
| 952 |
|
|
|0 0
|1 0
|2 ddc
|4 0
|6 336_549200000000000_BAN_2002
|7 0
|9 5837
|a BRACUL
|b BRACUL
|c GEN
|d 2009-12-03
|g 0.00
|l 0
|o 336.5492 BAN
|p 3010009795
|r 2009-12-03
|t 1
|w 2009-12-03
|y BK
|x No price found in the accession register.
|